000 004290000a22001690004500
041 0 _aENG
082 0 4 _aG 264.001 W979h
100 1 _aWygal, Winnifred
245 1 0 _aHow to plan informal worship / Winnifred Wygal
260 _aNew York, USA : Association
300 _a64 Pag
001 7087
942 _cBK
999 _c37320
_d37320
336 _atexto
_btxt
_2rdacontent
337 _2rdamedia
_asin mediación
_bn
338 _2rdacarrier
_avolumen
_bnc